000 00470nam a22001937a 4500
003 MPLRDC
005 20220104124548.0
008 210129b ||||| |||| 00| 0 eng d
020 _a983-9159-84-4
082 _a859.61 SJWR-4 v.3
100 _a不详
245 _a发明大王: 爱迪生
_c
250 _a初版
260 _a
_b东阳出版社
_c1997
300 _b
490 _a世界伟人传记
650 _a人物故事
942 _cBK
_o859.61 SJWR-4 v.3
999 _c20333
_d20323